Abraham David Christian - Rio Grande (Record no. 691)

MARC details
000 -LEADER
campo de control de longitud fija 00631nam a22001697a 4500
008 - DATOS DE LONGITUD FIJA--INFORMACIÓN GENERAL
campo de control de longitud fija 150612b xxu||||| |||| 00| 0 eng d
020 ## - NÚMERO INTERNACIONAL ESTÁNDAR DEL LIBRO
Número Internacional Estándar del Libro 1893207110
082 ## - NÚMERO DE LA CLASIFICACIÓN DECIMAL DEWEY
Número de clasificación 707.45
Número de ítem C555r
100 ## - ENTRADA PRINCIPAL--NOMBRE DE PERSONA
Nombre de persona Abraham David Christian; Arq Gabriel Peluffo;
9 (RLIN) 3105
110 ## - ENTRADA PRINCIPAL--NOMBRE DE ENTIDAD CORPORATIVA
Nombre de entidad corporativa o nombre de jurisdicción como elemento de entrada Museo Municipal de Bellas Artes Juan Manuel Blandes.
9 (RLIN) 3106
245 ## - MENCIÓN DEL TÍTULO
Título Abraham David Christian - Rio Grande
Mención de responsabilidad, etc. Abraham David Christian; Arq Gabriel Peluffo
260 ## - PUBLICACIÓN, DISTRIBUCIÓN, ETC.
Lugar de publicación, distribución, etc. Tanger
Nombre del editor, distribuidor, etc. Ed. d'Afrique du Nord
Fecha de publicación, distribución, etc. 2000
300 ## - DESCRIPCIÓN FÍSICA
Extensión 72 p.
Otras características físicas ill.
Dimensiones 24 cm
600 ## - PUNTO DE ACCESO ADICIONAL DE MATERIA--NOMBRE DE PERSONA
Nombre de persona Christian, Abraham David
Subdivisión general Catálogo-Exhibiciones
9 (RLIN) 3107
650 ## - PUNTO DE ACCESO ADICIONAL DE MATERIA--TÉRMINO DE MATERIA
Fuente del encabezamiento o término Arte Moderno
700 ## - ENTRADA AGREGADA--NOMBRE PERSONAL
Nombre de persona Gabriel Peluffo;
9 (RLIN) 3108
Holdings
Estatus retirado Estado de pérdida Fuente del sistema de clasificación o colocación Estado de daño No para préstamo Biblioteca de origen Biblioteca actual Ubicación en estantería Fecha de adquisición Total de préstamos Signatura topográfica completa Código de barras Visto por última vez Precio de reemplazo Tipo de ítem Koha
    Clasificación Decimal Dewey     Biblioteca LadoV Biblioteca LadoV   12/06/2015   707.45 C 555r 000645 12/06/2015 12/06/2015 Material 01